| 000 -LEADER |
| fixed length control field |
03055cam a22003854a 4500 |
| 001 - CONTROL NUMBER |
| control field |
13978311 |
| 003 - CONTROL NUMBER IDENTIFIER |
| control field |
Nust |
| 005 - DATE AND TIME OF LATEST TRANSACTION |
| control field |
20180118110450.0 |
| 008 - FIXED-LENGTH DATA ELEMENTS--GENERAL INFORMATION |
| fixed length control field |
050523s2005 nyua b 001 0 eng |
| 010 ## - LIBRARY OF CONGRESS CONTROL NUMBER |
| LC control number |
2005014867 |
| 020 ## - INTERNATIONAL STANDARD BOOK NUMBER |
| International Standard Book Number |
9780521846356 (hardback) |
| 020 ## - INTERNATIONAL STANDARD BOOK NUMBER |
| International Standard Book Number |
0521846358 (hardback) |
| 035 ## - SYSTEM CONTROL NUMBER |
| System control number |
(OCoLC)ocm60454441 |
| 040 ## - CATALOGING SOURCE |
| Original cataloging agency |
DLC |
| Language of cataloging |
eng |
| Transcribing agency |
DLC |
| Modifying agency |
YDX |
| -- |
BAKER |
| -- |
IXA |
| -- |
YDXCP |
| -- |
BTCTA |
| -- |
TTU |
| -- |
OCLCG |
| -- |
IG# |
| -- |
DEBBG |
| -- |
AU@ |
| -- |
HTM |
| -- |
OCLCQ |
| -- |
HDC |
| -- |
OCLCQ |
| -- |
DLC |
| 050 00 - LIBRARY OF CONGRESS CALL NUMBER |
| Classification number |
QC311.5 |
| Item number |
.L38 2005 |
| 082 ## - DEWEY DECIMAL CLASSIFICATION NUMBER |
| Classification number |
536.7 LAU |
| 084 ## - OTHER CLASSIFICATION NUMBER |
| Classification number |
UG 3500 |
| Number source |
rvk |
| 100 1# - MAIN ENTRY--PERSONAL NAME |
| Personal name |
Laurendeau, Normand M., |
| Dates associated with a name |
1944- |
| 245 10 - TITLE STATEMENT |
| Title |
Statistical thermodynamics : |
| Remainder of title |
fundamentals and applications / |
| Statement of responsibility, etc. |
Normand M. Laurendeau. |
| 260 ## - PUBLICATION, DISTRIBUTION, ETC. |
| Place of publication, distribution, etc. |
New York : |
| Name of publisher, distributor, etc. |
Cambridge University Press, |
| Date of publication, distribution, etc. |
2005. |
| 300 ## - PHYSICAL DESCRIPTION |
| Extent |
xvi, 448 p. : |
| Other physical details |
ill. ; |
| Dimensions |
27 cm. |
| 504 ## - BIBLIOGRAPHY, ETC. NOTE |
| Bibliography, etc. note |
Includes bibliographical references (p. 439-441) and index. |
| 520 1# - SUMMARY, ETC. |
| Summary, etc. |
"Statistical Thermodynamics: Fundamentals and Applications discusses the fundamentals and applications of statistical thermodynamics for beginning graduate students in the engineering sciences. Building on the prototypical Maxwell-Boltzmann method and maintaining step-by-step development of the subject, this book makes few presumptions concerning students' previous exposure to statistics, quantum mechanics, or spectroscopy. The book begins with the essentials of statistical thermodynamics, pauses to recover needed knowledge from quantum mechanics and spectroscopy, and then moves on to applications involving ideal gases, the solid state, and radiation. A full introduction to kinetic theory is provided, including its applications to transport phenomena and chemical kinetics. A highlight of the textbook is its discussion of modern applications, such as laser-based diagnostics. The book concludes with a thorough presentation of the ensemble method, featuring its use for real gases"-- |
| Assigning source |
Provided by publisher. |
| 520 8# - SUMMARY, ETC. |
| Summary, etc. |
Each chapter is carefully written to address student difficulties in learning this challenging subject, which is fundamental to combustion, propulsion, transport phenomena, spectroscopic measurements, and nanotechnology. Students are made comfortable with their new knowledge by the inclusion of both example and prompted homework problems."--Jacket. |
| 610 24 - SUBJECT ADDED ENTRY--CORPORATE NAME |
| Corporate name or jurisdiction name as entry element |
Whitman College |
| General subdivision |
Memorial bookplates |
| -- |
Class of 1978. |
| 650 #0 - SUBJECT ADDED ENTRY--TOPICAL TERM |
| Topical term or geographic name entry element |
Statistical thermodynamics. |
| 650 07 - SUBJECT ADDED ENTRY--TOPICAL TERM |
| Topical term or geographic name entry element |
Statistische Thermodynamik. |
| Source of heading or term |
swd |
| 856 41 - ELECTRONIC LOCATION AND ACCESS |
| Materials specified |
Table of contents |
| Uniform Resource Identifier |
<a href="http://catdir.loc.gov/catdir/toc/ecip0513/2005014867.html">http://catdir.loc.gov/catdir/toc/ecip0513/2005014867.html</a> |
| 856 42 - ELECTRONIC LOCATION AND ACCESS |
| Materials specified |
Contributor biographical information |
| Uniform Resource Identifier |
<a href="http://catdir.loc.gov/catdir/enhancements/fy0733/2005014867-b.html">http://catdir.loc.gov/catdir/enhancements/fy0733/2005014867-b.html</a> |
| 856 42 - ELECTRONIC LOCATION AND ACCESS |
| Materials specified |
Publisher description |
| Uniform Resource Identifier |
<a href="http://catdir.loc.gov/catdir/enhancements/fy0633/2005014867-d.html">http://catdir.loc.gov/catdir/enhancements/fy0633/2005014867-d.html</a> |
| 906 ## - LOCAL DATA ELEMENT F, LDF (RLIN) |
| a |
7 |
| b |
cbc |
| c |
orignew |
| d |
1 |
| e |
ecip |
| f |
20 |
| g |
y-gencatlg |
| 942 ## - ADDED ENTRY ELEMENTS (KOHA) |
| Source of classification or shelving scheme |
|
| Koha item type |
Book |